Storia d'Italia #2 - Statistics

Statistiche generali
  • Questo quiz è stato fatto 2.052 volte
  • Il punteggio medio è 10 su 20
Statistiche sulle risposte
Descrizione Risposta % Corretto
Leggendario fondatore e primo re di Roma Romolo
98%
Autore della Divina Commedia Dante Alighieri
94%
Il de' Medici detto "il Magnifico" Lorenzo
92%
Santo detto anche il "poverello d'Assisi" San Francesco d'Assisi
91%
Fu rapito dalle Brigate Rosse nel 1978 Aldo Moro
64%
Fiume sul quale si attestò il fronte di guerra tra il 1917 e il 1918 Piave
60%
Anno dell'approvazione e promulgazione della Costituzione repubblicana 1947
56%
Popolo germanico che instaurò un vasto regno in Italia dal VI all'VIII secolo Longobardi
52%
Ultimo imperatore romano d'Occidente Romolo Augustolo
50%
Ultimo re d'Italia Umberto II
49%
Nome della costituzione precedente Statuto Albertino
48%
Re di Sicilia, imperatore del Sacro Romano Impero e grande dotto Federico II
47%
Anno dell'Editto di Costantino (o di Milano) 313
42%
Vi sbarcarono i Mille in Siclia Marsala
42%
Generale e Capo del Governo 1943-44 Pietro Badoglio
38%
Politico, filosofo e giornalista nato a Genova nel 1805 Giuseppe Mazzini
23%
Papa che invocò la prima crociata nel 1095 Urbano II
23%
Fu Presidente del Consiglio più volte (8 governi) Alcide De Gasperi
15%
Sconfitta delle truppe italiane in Abissinia nel 1896 Adua
14%
Battaglia tra francesi ed austriaci combattuta in Lombardia il 14 giugno 1800 Marengo
6%
Nessun quiz corrispondente trovato
Distribuzione punteggi
Percentuale di utenti per punteggio
Percentile per numero di risposta
I tuoi punteggi nel tempo
Non hai fatto questo quiz